Top 10 NHL teams by Instagram followers - Statistics

General Stats
  • This quiz has been taken 46 times
  • The average score is 8 of 10
Answer Stats
Hint Answer % Correct
962k Montreal Canadiens
94%
1.3m Toronto Maple Leafs
94%
1.3m New York Rangers
90%
1.6m Boston Bruins
87%
1.8m Chicago Blackhawks
87%
843k Edmonton Oilers
84%
2.9m Pittsburgh Penguins
77%
928k Detroit Red Wings
74%
970k Washington Capitals
61%
821k Vegas Golden Knights
52%
No matching quizzes found
Score Distribution
Percent of People with Each Score
Percentile by Number Answered
Your Score History
You have not taken this quiz